| 000 | 00817nam a2200229 a 4500 | ||
|---|---|---|---|
| 001 | 63222 | ||
| 003 | BD-RjUL | ||
| 005 | 20211209081154.0 | ||
| 008 | 170129s1968 bg ||||| |||| 00| 0 ben d | ||
| 035 | _a(BD-RjUL)63351 | ||
| 040 |
_aBD-RjUL _bben _cBD-RjUL _dBD-RjUL |
||
| 041 | _aben | ||
| 082 |
_223 _a789.20954927 _bSYL 1968 |
||
| 245 | 1 | 0 |
_aসিলেট গীতিকা / _cসম্পাদনা বদিউজ্জা্মান |
| 260 |
_aঢাকা : _bবাংলা একাডেমী, _c১৯৬৮ |
||
| 300 |
_aখন্ড. ; _c২১ সেমি. |
||
| 505 | _aখন্ড. ১. -- | ||
| 650 |
_aলোকসঙ্গীত _zসিলেট _9123859 |
||
| 650 |
_aFolk song _zSylhet _9145149 |
||
| 700 |
_aবদিউজ্জা্মান _9188176 |
||
| 942 |
_2ddc _cBK |
||
| 999 |
_c63222 _d63222 |
||